<?xml version="1.0" encoding="UTF-8"?><?xml-stylesheet type="text/xsl" href="static/style.xsl"?><OAI-PMH xmlns="http://www.openarchives.org/OAI/2.0/" xmlns:xsi="http://www.w3.org/2001/XMLSchema-instance" xsi:schemaLocation="http://www.openarchives.org/OAI/2.0/ http://www.openarchives.org/OAI/2.0/OAI-PMH.xsd"><responseDate>2026-04-13T02:24:41Z</responseDate><request verb="GetRecord" identifier="oai:www.recercat.cat:2099.1/19525" metadataPrefix="marc">https://recercat.cat/oai/request</request><GetRecord><record><header><identifier>oai:recercat.cat:2099.1/19525</identifier><datestamp>2025-07-22T19:54:51Z</datestamp><setSpec>com_2072_1033</setSpec><setSpec>col_2072_452951</setSpec></header><metadata><record xmlns="http://www.loc.gov/MARC21/slim" xmlns:dcterms="http://purl.org/dc/terms/" xmlns:xsi="http://www.w3.org/2001/XMLSchema-instance" xmlns:doc="http://www.lyncode.com/xoai" xsi:schemaLocation="http://www.loc.gov/MARC21/slim http://www.loc.gov/standards/marcxml/schema/MARC21slim.xsd">
   <leader>00925njm 22002777a 4500</leader>
   <datafield ind2=" " ind1=" " tag="042">
      <subfield code="a">dc</subfield>
   </datafield>
   <datafield ind2=" " ind1=" " tag="720">
      <subfield code="a">Muñoz Zurdo, Ricardo</subfield>
      <subfield code="e">author</subfield>
   </datafield>
   <datafield ind2=" " ind1=" " tag="260">
      <subfield code="c">2013</subfield>
   </datafield>
   <datafield ind2=" " ind1=" " tag="520">
      <subfield code="a">Este proyecto estudia y desarrolla el diseño e implementación de un generador termoeléctrico aprovechando las características geotérmicas de los emplazamientos que lo permiten.&#xd;
Para el proyecto se hizo una investigación exhaustiva de los lugares donde se pudiera desarrollar de buena manera dicho modelo así como darle una aplicación útil a la producción de ésta electricidad.&#xd;
También se desarrolló un modelo físico para demostrar la funcionalidad del generador termoeléctrico, parte fundamental del proyecto, ya que de esta manera se puede mostrar que el modelo es útil, a la vez que ecológico ya que no emite ningún contaminante ni gas nocivo al medio ambiente.&#xd;
Se describió cada parte del montaje del modelo práctico, justificando cada uno de los materiales escogidos y utilizados en el proyecto, aprovechando las placas de Peltier proporcionadas por la universidad y demostrando la funcionalidad del generador termoeléctrico.&#xd;
Finalmente se muestra un resumen de los resultados obtenidos y calculados en el modelo desarrollado así como las conclusiones finales del proyecto y los objetivos alcanzados en el mismo, y posibles mejoras aplicables sobre el modelo.</subfield>
   </datafield>
   <datafield tag="653" ind2=" " ind1=" ">
      <subfield code="a">Àrees temàtiques de la UPC::Energies::Energia geotèrmica</subfield>
   </datafield>
   <datafield tag="653" ind2=" " ind1=" ">
      <subfield code="a">Thermoelectric generators</subfield>
   </datafield>
   <datafield tag="653" ind2=" " ind1=" ">
      <subfield code="a">Termoelectricidad</subfield>
   </datafield>
   <datafield tag="653" ind2=" " ind1=" ">
      <subfield code="a">Célula</subfield>
   </datafield>
   <datafield tag="653" ind2=" " ind1=" ">
      <subfield code="a">Temperatura</subfield>
   </datafield>
   <datafield tag="653" ind2=" " ind1=" ">
      <subfield code="a">Ecológico</subfield>
   </datafield>
   <datafield tag="653" ind2=" " ind1=" ">
      <subfield code="a">Energía</subfield>
   </datafield>
   <datafield tag="653" ind2=" " ind1=" ">
      <subfield code="a">Electricidad</subfield>
   </datafield>
   <datafield tag="653" ind2=" " ind1=" ">
      <subfield code="a">Seebeck</subfield>
   </datafield>
   <datafield tag="653" ind2=" " ind1=" ">
      <subfield code="a">Generador</subfield>
   </datafield>
   <datafield tag="653" ind2=" " ind1=" ">
      <subfield code="a">Generadors</subfield>
   </datafield>
   <datafield ind2="0" ind1="0" tag="245">
      <subfield code="a">Diseño de un sistema termoeléctrico aprovechando características geotérmicas</subfield>
   </datafield>
</record></metadata></record></GetRecord></OAI-PMH>